PFI hospitals may be useless in 20 years (Record no. 70558)
[ view plain ]
| 000 -LEADER | |
|---|---|
| fixed length control field | 00896cam a2200217 4500 |
| 001 - CONTROL NUMBER | |
| control field | WB3823-02 |
| 008 - FIXED-LENGTH DATA ELEMENTS--GENERAL INFORMATION | |
| fixed length control field | 020625n2002 000 0 eng u |
| 035 ## - SYSTEM CONTROL NUMBER | |
| System control number | (Sirsi) u118512 |
| 245 ## - TITLE STATEMENT | |
| Title | PFI hospitals may be useless in 20 years |
| 260 ## - PUBLICATION, DISTRIBUTION, ETC. | |
| Date of publication, distribution, etc. | 2002 |
| 490 ## - SERIES STATEMENT | |
| Series statement | Contract Journal |
| Volume/sequential designation | 414(6382) 19 June 2002, 2(1) |
| 520 ## - SUMMARY, ETC. | |
| Summary, etc. | Building Futures Group in their 2020 vision research project claim that hospitals being built under 30 year long PFI contracts may well become redundant as healthcare building technology shifts the focus of care into local communities. Study suggests that the UK needs to invest now in building stock that will be relevant to healthcare in 20 years time. |
| 590 ## - LOCAL NOTE (RLIN) | |
| Local note | WB |
| 650 ## - SUBJECT ADDED ENTRY--TOPICAL TERM | |
| Topical term or geographic name entry element | HOSPITALS |
| 650 ## - SUBJECT ADDED ENTRY--TOPICAL TERM | |
| Topical term or geographic name entry element | HEALTHCARE SECTOR |
| 650 ## - SUBJECT ADDED ENTRY--TOPICAL TERM | |
| Topical term or geographic name entry element | FORECASTS |
| 650 ## - SUBJECT ADDED ENTRY--TOPICAL TERM | |
| Topical term or geographic name entry element | PFI |
| 650 ## - SUBJECT ADDED ENTRY--TOPICAL TERM | |
| Topical term or geographic name entry element | PRIVATE FINANCE INITIATIVES |
| 690 ## - LOCAL SUBJECT ADDED ENTRY--TOPICAL TERM (OCLC, RLIN) | |
| Topical term or geographic name as entry element | BUILT ENVIRONMENT |
| 942 ## - ADDED ENTRY ELEMENTS (KOHA) | |
| Suppress in OPAC | 0 |
| Withdrawn status | Lost status | Source of classification or shelving scheme | Damaged status | Not for loan | Home library | Current library | Shelving location | Date acquired | Total Checkouts | Full call number | Barcode | Date last seen | Copy number | Price effective from | Koha item type |
|---|---|---|---|---|---|---|---|---|---|---|---|---|---|---|---|
| Dewey Decimal Classification | London | London | News article | 25/06/2002 | WB3823-02 | 118512-1001 | 06/08/2019 | 1 | 06/08/2019 | News article |